| 000 | 00588nam a22002177a 4500 | ||
|---|---|---|---|
| 001 | 57760 | ||
| 005 | 20260413121632.0 | ||
| 008 | 260413s2007 ii |||||||| |||| 00| 0 eng d | ||
| 020 | _a9788179927397 | ||
| 040 |
_aBD-DhIUB _cBD-DhIUB _dBD-DhIUB |
||
| 082 |
_222 _a658.3 |
||
| 100 |
_aTurner, Paul _97132 |
||
| 245 |
_aHR Forecasting and planning/ _cPaul Turner |
||
| 260 |
_aMumbai: _bJaico Publishing House, _c2007 |
||
| 300 |
_axii,288p;. _c24cm |
||
| 526 |
_aSBE _bhrm _lREF |
||
| 541 | _aTRIM | ||
| 650 | 0 |
_aHuman Resources _91846 |
|
| 650 | 0 |
_aPlanning _91885 |
|
| 942 |
_2ddc _cBK |
||
| 999 |
_c57760 _d57934 |
||